000 00702nam a2200277Ia 4500
005 20260324112537.0
008 008 260324s9999 xx 000 0 eng d
020 _a9781003316572
037 _aEBOOK
040 _aCRL
040 _beng
040 _cCRL
041 _2eng
041 _aeng
084 _qCRL
100 _aEwa Ziemba; Jarosław Wątróbski
_91143136
245 0 _aAdoption of Emerging Information and Communication Technology for Sustainability
260 _bTaylor and Francis
260 _c2024
365 _a
365 _b305
856 _uhttp://www.taylorfrancis.com/books/9781003316572
942 _cEBOOK
999 _c1732381
_d1732381